[Event "For the rest of us"]
[Site "SchemingMind.com"]
[Date "2006.02.28"]
[Round "-"]
[White "Ashmaster"]
[Black "roscoe"]
[Result "1-0"]
[WhiteCountry "IRL"]
[BlackCountry "USA"]
[WhiteElo "1552"]
[WhiteRD "62"]
[BlackElo "1473"]
[BlackRD "78"]
[GameID "40961"]

1. e4 d6 2. d4 Nf6 3. Nc3 g6 4. Nf3 Bg7 5. Bc4 O-O 6. O-O Bg4 7. h3 Bxf3 8. Qxf3 Nc6 9. Be3 Nb4 10. Bb3 c5
11. dxc5 dxc5 12. Bxc5 a5 13. Bxb4 axb4 14. Ne2 Ra5 15. Rfd1 Qa8 16. c3 bxc3 17. Nxc3 b5 18. Rd3 b4 19. Nd5 Nxd5 20. Bxd5 Qa7
21. Qe2 Rxa2 22. Rxa2 Qc7 23. Rd1 e6 24. Bb3 Qc5 25. Qe3 Qe5 26. Qe1 Rb8 27. Qe2 Bf8 28. Raa1 Bd6 29. g3 f5 30. Re1 fxe4
31. Qxe4 Qxb2 32. Qxe6+ Kg7 33. Qxd6 Rf8 34. Qe5+
1-0

[Event "For the rest of us"]
[Site "SchemingMind.com"]
[Date "2006.02.28"]
[Round "-"]
[White "Ashmaster"]
[Black "Brerrabbit"]
[Result "1-0"]
[WhiteCountry "IRL"]
[BlackCountry "SCO"]
[WhiteElo "1527"]
[WhiteRD "59"]
[BlackElo "1300"]
[BlackRD "66"]
[GameID "40963"]

1. e4 e5 2. Nf3 Nc6 3. Bc4 f6 4. O-O f5 5. Re1 Bc5 6. exf5 d5 7. Bb3 Bxf5 8. Nxe5 Nxe5 9. Rxe5+ Be7 10. Rxf5 Nf6
11. d4 Qd7 12. Re5 O-O-O 13. Bg5 Bd6 14. Re1 Rde8 15. Bxf6 gxf6 16. Bxd5 Rhg8 17. Bxg8 Rxg8 18. h3 Qf5 19. Qg4 Rxg4 20. hxg4 Qxc2
21. Nc3 Qg6 22. Nd5 Qxg4 23. Nxf6 Bh2+ 24. Kxh2 Qh4+ 25. Kg1 Qxf6 26. Re8+ Kd7 27. Ree1 Qxd4 28. Rad1 Qxd1 29. Rxd1+ Kc6 30. f4 b5
31. f5 Kc5 32. f6
1-0

[Event "For the rest of us"]
[Site "SchemingMind.com"]
[Date "2006.02.28"]
[Round "-"]
[White "Ashmaster"]
[Black "sdshuey"]
[Result "1-0"]
[WhiteCountry "IRL"]
[BlackCountry "USA"]
[WhiteElo "1527"]
[WhiteRD "59"]
[BlackElo "1436"]
[BlackRD "70"]
[GameID "40964"]

1. e4 e5 2. Nf3 Nc6 3. Bb5 a6 4. Ba4 b5 5. Bb3 Nf6 6. d3 Nd4 7. Nxd4 exd4 8. Nd2 Bb4 9. O-O d6 10. Nf3 c5
11. a3 Ba5 12. Bd2 Bxd2 13. Qxd2 Bg4 14. Nh4 O-O 15. f3 Be6 16. Bxe6 fxe6 17. Rfe1 e5 18. Nf5 g6 19. Ng3 d5 20. Rf1 dxe4
21. fxe4 c4 22. Rac1 c3 23. bxc3 dxc3 24. Qxc3 Qb6+ 25. Kh1 Rfe8 26. Qb3+ Kh8 27. c4 Rad8 28. a4 Ng4 29. h3 Ne3 30. Rf3 Qd6
31. Rxe3 bxc4 32. Rxc4 Rb8 33. Qc3 Qf6 34. Rf3 Qg5 35. Kh2 Qe7 36. Rc7 Qd8 37. Rff7 Rf8 38. Rxh7+ Kg8 39. Rcg7#
1-0

[Event "For the rest of us"]
[Site "SchemingMind.com"]
[Date "2006.02.28"]
[Round "-"]
[White "Ashmaster"]
[Black "toguints"]
[Result "1-0"]
[WhiteCountry "IRL"]
[BlackCountry "PHI"]
[WhiteElo "1552"]
[WhiteRD "62"]
[BlackElo "1412"]
[BlackRD "66"]
[GameID "40965"]

1. e4 c5 2. Nf3 Nc6 3. d4 cxd4 4. Nxd4 Nf6 5. Nc3 e5 6. Ndb5 Bb4 7. Nd6+ Bxd6 8. Qxd6 Qe7 9. Qxe7+ Nxe7 10. Bg5 d6
11. Bxf6 gxf6 12. Nd5 Nxd5 13. exd5 Bf5 14. O-O-O Rc8 15. c3 Be4 16. f3 Bg6 17. Bd3 O-O 18. h4 Bh5 19. g4 Bg6 20. Be2 h5
21. Rdg1 hxg4 22. Rxg4 f5 23. Rg2 Rc5 24. h5 Rxd5 25. hxg6 e4 26. gxf7+ Kxf7 27. Bc4 Ke6 28. Bxd5+ Kxd5 29. fxe4+ fxe4 30. Rd1+ Ke5
31. Rg5+ Ke6 32. Rg6+ Ke5 33. Rdxd6 e3 34. Rge6+ Kf4 35. Rf6+ Rxf6 36. Rxf6+ Ke4 37. Kd1 Kd3 38. Rd6+ Ke4 39. Ke2 b5 40. Re6+ Kf4
41. Rxe3 a5 42. Re8 b4 43. cxb4 axb4 44. a4 b3 45. a5 Kf5 46. a6 Kf6 47. a7 Kf5 48. a8=Q Kg6 49. Qd5 Kh6 50. Qg2 Kh7
51. Kd3 Kh6 52. Rh8#
1-0

[Event "For the rest of us"]
[Site "SchemingMind.com"]
[Date "2006.02.28"]
[Round "-"]
[White "Ashmaster"]
[Black "ld31337"]
[Result "1-0"]
[WhiteCountry "IRL"]
[BlackCountry "USA"]
[WhiteElo "1556"]
[WhiteRD "61"]
[BlackElo "1460"]
[BlackRD "78"]
[GameID "40966"]

1. e4 e5 2. Nf3 Nf6 3. Nxe5 Nxe4 4. d3 Nf6 5. Be3 d6 6. Nf3 Nc6 7. g3 g6 8. Bg2 Be6 9. O-O d5 10. c3 Ng4
11. Qe2 Qd6 12. Bf4 Qd7 13. Nbd2 O-O-O 14. h3 Nf6 15. g4 Bd6 16. Bxd6 Qxd6 17. Nb3 Rhe8 18. Qd2 h6 19. Nbd4 Nxd4 20. Nxd4 g5
21. Nxe6 Rxe6 22. Rfe1 Rde8 23. Rxe6 Rxe6 24. Re1 c6 25. Rxe6 Qxe6 26. Qe3 Qd6 27. Qxa7 Nd7 28. Qa8+ Nb8 29. Qa3 c5 30. Qb3 Kc7
31. Qxd5 Qe7 32. Qxb7+
1-0

[Event "For the rest of us"]
[Site "SchemingMind.com"]
[Date "2006.03.01"]
[Round "-"]
[White "Harold"]
[Black "Ashmaster"]
[Result "1/2-1/2"]
[WhiteCountry "GBR"]
[BlackCountry "IRL"]
[WhiteElo "1392"]
[WhiteRD "82"]
[BlackElo "1519"]
[BlackRD "60"]
[GameID "40967"]

1. e4 c5 2. b4 cxb4 3. c4 e5 4. Nf3 Nc6 5. Bb2 d6 6. d4 f6 7. d5 Na5 8. Qa4+ Bd7 9. Qxb4 Qc7 10. Bd3 Ne7
11. O-O Ng6 12. Nc3 Be7 13. Nb5 Bxb5 14. Qxb5+ Kf7 15. Bc3 b6 16. g3 Nb7 17. Rfd1 Nc5 18. Ne1 Rhc8= 19. Bc2 Nh8 20. a4 Kf8
21. a5 Nf7 22. Nd3 Ng5 23. Nxc5 Qxc5 24. Bb4 Qxb5 25. cxb5 Rxc2 26. axb6 Kf7 27. bxa7 Rc7 28. b6 Rb7 29. Ra6 Bd8 30. Ba5 Nf3+
31. Kg2 Nd4 32. Rb1 Ke7=
1/2-1/2

[Event "For the rest of us"]
[Site "SchemingMind.com"]
[Date "2006.03.03"]
[Round "-"]
[White "roscoe"]
[Black "Ashmaster"]
[Result "0-1"]
[WhiteCountry "USA"]
[BlackCountry "IRL"]
[WhiteElo "1462"]
[WhiteRD "79"]
[BlackElo "1519"]
[BlackRD "60"]
[GameID "40968"]

1. b3 b6 2. Nc3 Bb7 3. e4 e5 4. Nf3 Nc6 5. Bb5 Nf6 6. O-O Bb4 7. a3 Bxc3 8. dxc3 Nxe4 9. Qd3 Nf6 10. Ng5 h6
11. Ne4 Nxe4 12. Qxe4 Qf6 13. Re1 O-O 14. Bd3 Qg6 15. Qd5 Qe6 16. Qxe6 fxe6 17. f3 d6 18. Rf1 Rf7 19. Re1 Raf8 20. Bb2 Ne7
21. c4 a6 22. b4 Rc8 23. c5 Nc6 24. cxd6 cxd6 25. c4 Re8 26. b5 axb5 27. cxb5 Na5 28. Rac1 Nb3 29. Rc3 Nc5 30. Bg6 Bd5
31. Bxf7+ Kxf7 32. h3 Na4 33. Rc7+ Kf6 34. Ba1 g6 35. Rc6 Bxc6 36. bxc6 Rc8 37. Rc1 Nc5 38. a4 Rxc6 39. a5 bxa5 40. Bc3 Na4
41. Bd2 Rxc1+ 42. Bxc1 Nc5 43. Bxh6 a4 44. Bc1 d5 45. h4 d4 46. g4 d3 47. Bg5+ Kg7 48. Be7 d2
0-1

[Event "For the rest of us"]
[Site "SchemingMind.com"]
[Date "2006.02.28"]
[Round "-"]
[White "Brerrabbit"]
[Black "Ashmaster"]
[Result "1/2-1/2"]
[WhiteCountry "SCO"]
[BlackCountry "IRL"]
[WhiteElo "1286"]
[WhiteRD "65"]
[BlackElo "1556"]
[BlackRD "61"]
[GameID "40970"]

1. e4 c5 2. d4 cxd4 3. c3 dxc3 4. Nxc3 Nc6 5. Nf3 e6 6. Bg5 Be7 7. Bxe7 Ngxe7 8. Bd3 O-O 9. Qc2 Ng6 10. O-O Nce5
11. Nxe5 Nxe5 12. Rad1 Nxd3 13. Qxd3 Qe7 14. Rfe1 Rd8 15. e5 f6 16. Re4 fxe5 17. Rxe5 d6 18. Rh5 g6 19. Rh6 Qg5 20. Rh3 e5
21. Qc4+ Kg7 22. Rg3 Qf6 23. Ne4 Qe7 24. Ng5 b6 25. Qh4 h5 26. Rf3 Rf8 27. Rfd3 Rf5 28. Nf3 Qxh4 29. Nxh4 Rf6 30. Rg3 Bb7
31. Rc1 Rc8 32. Rxc8 Bxc8 33. a3 Kh6 34. Rd3 g5 35. Nf3 e4 36. Rc3 exf3 37. Rxc8 fxg2 38. Kxg2 d5 39. Rd8 Rf5 40. Kg3 Kg6
41. f3 Kf6 42. Rf8+ Ke6 43. Rh8 Ke7 44. Rxh5 d4 45. Kf2 d3 46. Ke3 Rd5 47. Kd2 Kf6 48. h4 Kg6 49. Rxg5+ Rxg5 50. hxg5 Kxg5
51. Kxd3 Kf4 52. Ke2 a6 53. b4 a5 54. bxa5 bxa5 55. Kf2 a4 56. Ke2 Ke5 57. Ke3 Kf5 58. f4 Kf6 59. Kd4 Kf5= 60. Kc4 Kxf4
61. Kb4 Ke5 62. Kxa4 Kd6= 63. Kb5 Kc7 64. a4 Kb7= 65. a5 Ka7=
1/2-1/2

[Event "For the rest of us"]
[Site "SchemingMind.com"]
[Date "2006.03.01"]
[Round "-"]
[White "sdshuey"]
[Black "Ashmaster"]
[Result "0-1"]
[WhiteCountry "USA"]
[BlackCountry "IRL"]
[WhiteElo "1436"]
[WhiteRD "70"]
[BlackElo "1527"]
[BlackRD "59"]
[GameID "40971"]

1. d4 Nf6 2. f3 d6 3. Bg5 e6 4. e4 Be7 5. Bb5+ Bd7 6. Bxd7+ Nbxd7 7. Bxf6 Nxf6 8. Nc3 O-O 9. Nge2 c6 10. O-O e5
11. d5 cxd5 12. exd5 Qb6+ 13. Kh1 Rfc8 14. f4 Nd7 15. fxe5 Nxe5 16. Qd4 Qxd4 17. Nxd4 a6 18. Rae1 f6 19. Nf5 Kf7 20. Ne4 Rd8
21. Nxe7 Kxe7 22. h3 Rac8 23. c3 Rc5 24. Rd1 Rb5 25. b4 Nc4 26. Rf3 Rc8 27. Re1 Ne5 28. a3 Rxd5 29. g4 Nxf3 30. Nd2+ Nxe1
0-1

[Event "For the rest of us"]
[Site "SchemingMind.com"]
[Date "2006.03.02"]
[Round "-"]
[White "toguints"]
[Black "Ashmaster"]
[Result "0-1"]
[WhiteCountry "PHI"]
[BlackCountry "IRL"]
[WhiteElo "1384"]
[WhiteRD "60"]
[BlackElo "1519"]
[BlackRD "60"]
[GameID "40972"]

1. d4 Nf6 2. Nc3 e6 3. b3 Bb4 4. Bd2 Nc6 5. a3 Bxc3 6. Bxc3 d5 7. e3 Ne4 8. Ne2 O-O 9. f3 Nxc3 10. Nxc3 Bd7
11. Bb5 a6 12. Bxc6 Bxc6 13. O-O Qg5 14. f4 Qe7 15. b4 Bd7 16. e4 dxe4 17. Nxe4 Bc6 18. Nc3 Rad8 19. Ne2 Bb5 20. c3 b6
21. Rc1 c5 22. c4 Bc6 23. Rb1 cxd4 24. Nxd4 Qf6 25. b5 Ba8 26. Rf2 Qxd4 27. Qxd4 Rxd4 28. bxa6 Rxc4 29. Rfb2 Be4 30. Rb4 Bxb1
31. Rxb1 Rc6 32. Rd1 Rcc8 33. Rd6 h6 34. Rd7 Rfd8 35. Re7 Ra8 36. a7 Kf8 37. Rb7 g6 38. Kf2 Kg7 39. Ke3 Re8 40. Kd4 Kf6
41. Kc4 Re7 42. Rxb6 Raxa7 43. Rb3 Rec7+ 44. Kd4 Ra4+ 45. Kd3 Rca7 46. Kc2 Rxa3 47. Rb4 Ra2+ 48. Kc3 Rxg2 49. h4 Rh2 50. Kd3 Rxh4
51. Ke3 Ra3+ 52. Kd2 Rh2+ 53. Kc1 Rg3 54. Kb1 Rg1#
0-1

[Event "For the rest of us"]
[Site "SchemingMind.com"]
[Date "2006.03.01"]
[Round "-"]
[White "ld31337"]
[Black "Ashmaster"]
[Result "0-1"]
[WhiteCountry "USA"]
[BlackCountry "IRL"]
[WhiteElo "1460"]
[WhiteRD "78"]
[BlackElo "1556"]
[BlackRD "61"]
[GameID "40973"]

1. e4 c5 2. d3 g6 3. Nf3 Bg7 4. d4 cxd4 5. Nxd4 d6 6. Bc4 Bd7 7. O-O Nc6 8. c3 Qb6 9. Be3 Qc7 10. Qb3 e6
11. Nd2 Nge7 12. N2f3 Na5 13. Qc2 Nxc4 14. Bd2 Nxd2 15. Qxd2 O-O 16. b3 Rac8 17. Rac1 Nc6 18. Nb5 Qb6 19. a4 d5 20. exd5 exd5
21. Qxd5 Be6 22. Qd6 Rcd8 23. Qf4 a6 24. Nd6 Qc7 25. Rcd1 Rd7 26. b4 Rfd8 27. Ng5 Rxd6 28. Rde1 Qe7 29. b5 axb5 30. axb5 Nb8
31. Qb4 Qxg5 32. f4 Qf5 33. c4 Bf8 34. Re4 Qxe4
0-1